|
|
|
|
| LEADER |
00793cam a2200217 7i4500 |
| 001 |
0000046191 |
| 005 |
20180411090000.0 |
| 020 |
|
|
|a 047081022X (pbk.)
|
| 020 |
|
|
|a 9780470810224 (pbk.)
|
| 090 |
0 |
0 |
|a HF5635
|b .A38 2008
|
| 245 |
0 |
0 |
|a Accounting :
|b business reporting for decision making
|c Jacqueline Birt ... [et al.].
|
| 250 |
|
|
|a 2nd ed.
|
| 260 |
|
|
|a Milton:
|b John Wiley & Sons Australia, Ltd.,
|c 2008.
|
| 300 |
|
|
|a xxi, 594 p.:
|b col. ill.;
|c 26 cm.
|
| 500 |
|
|
|a Gift: Faculty of Business & Accountancy
|
| 504 |
|
|
|a Includes bibliographical references and index
|
| 650 |
0 |
0 |
|a Accounting
|
| 700 |
1 |
|
|a Birt, Jacqueline
|
| 997 |
|
|
|a Business & Accountancy, Faculty
|
| 999 |
|
|
|a 0000056241
|b BOK
|c OPEN SHELF
|e 1st Floor, Shah Alam
|
| 999 |
|
|
|a 0000061678
|b BOK
|c OPEN SHELF
|e 1st Floor, Shah Alam
|